| 000 | 00951nam a2200265 a 4500 | ||
|---|---|---|---|
| 008 | 120416s1984 ||||||||||||||||| || u | ||
| 020 | _a0801830389 | ||
| 050 | _aHD 56 Lev | ||
| 100 | _aLevitan, Sar A | ||
| 245 | 1 | 0 | _aProductivity |
| 246 | _aproblems, prospects, and policies | ||
| 260 |
_aBaltimore _bJohn Hopkins University Press _c1984 |
||
| 300 | _axiii, 125p. | ||
| 350 | _a0.00 | ||
| 490 | _aPolicy studies in employment and welfare | ||
| 490 | _vno. 40 | ||
| 500 | _aIncludes index. -Bibliography: p. 115-122. | ||
| 650 | _aINDUSTRIAL PRODUCTIVITY--UNITED STATES | ||
| 650 | _aINDUSTRY | ||
| 650 | _aProduction (Economic theory) | ||
| 650 | _aGross national product--United States | ||
| 650 | _aUNITED STATES--ECONOMIC POLICY--1981-1993 | ||
| 700 | _aWerneke, Diane | ||
| 995 |
_D0.00 _FCBU-MAIN LIBRARY (Kitwe) _H1 _I15.00 _M1 _UAVAILABLE _ZMain Library Open Access Collection |
||
| 999 |
_c54918 _d54918 |
||